| 000 | 01309nam a2200361 c 4500 | ||
|---|---|---|---|
| 001 | 193044 | ||
| 003 | SpMaBN | ||
| 005 | 20250814054906.0 | ||
| 007 | ta | ||
| 008 | 230726s2022 sp | |||| 000 0 spa | ||
| 017 | _aM 29426-2022 | ||
| 020 | _a9788419129871 | ||
| 035 | _aa7226985 | ||
| 040 |
_aSpMaBN _bspa _cSpMaBN _erda _dES-MaACL |
||
| 100 | 1 |
_aSegún Alonso, Manuel _eaut _9233851 |
|
| 245 | 1 |
_aLa masonería en España : _bhistoria inconclusa de un sueño de libertad (1728-2022) / _cManuel Según Alonso |
|
| 250 | _aPrimera edicion: enero de 2023 | ||
| 260 | 1 |
_a[Madrid] : _bEditatum, _c2022 |
|
| 300 |
_a133 páginas ; _c22 cm |
||
| 336 |
_aTexto _2rdacontent |
||
| 337 |
_asin mediación _2rdamedia |
||
| 338 |
_avolumen _2rdacarrier |
||
| 490 | 1 |
_aGuíaBurros ; _v167 |
|
| 610 | 2 | 4 |
_aMasonería- _zEspaña- _vHistoria _95662 |
| 830 |
_aGuíaBurros. Conocimiento y saber _v167 _9233852 |
||
| 852 |
_aES-MaACL _cDEPOJ _jN-8979 _hDonación: Maria Perles Navarro _xRústica con solapas _9200349 |
||
| 903 |
_9233771 _aPerles Navarro, María _ednr |
||
| 942 |
_n0 _cMONOGRAFIA |
||
| 999 |
_c193044 _d193044 |
||